Responses for Show #2070 - Friday, September 10, 1993

Brian Moore game 4.

Contestants

[<< previous game]

Joanne Fiore, an administrative officer from Amherst, New York

Chad VonKampen, an attorney from Cedar Rapids, Iowa

Brian Moore, a teacher from Austin, Texas (whose 3-day cash winnings total $38,302)

[next game >>]

Jeopardy! Round responses

THE OLD TESTAMENT
GARDENS
SERPENTS
ATOMS
"EVE"s
IN THE BEGINNING
(Alex: This is an unusual category in that each correct response in this category will be a word whose letters can be found in the word "beginning". So look at it quickly now and start figuring all the words you can make with those letters.)
    $100 1
a dove

Chad
    $100 12
(Chad: What is Denmark?)

Italy

Chad
Triple Stumper
    $100 17
Mexico

Joanne
    $100 11
light

Brian
    $100 6
Christmas Eve

Joanne
    $100 19
beg

Brian
    $200 2
the Tower of Babel

Joanne
    $200 13
Busch Gardens

Joanne
    $200 18
an asp

Chad
    $200 23
mass

Chad
    $200 7
New Year's Eve

Joanne
    $200 24
inning

Brian
    $300 3
(Brian: What was being fed to the lions?)
(Chad: What was being put in the fiery furnace?)
...
(Alex: He was not fed to the lions. [*], and they did not feed on him.)
[Reversed after first break when the judges and Alex "decided to give a loose interpretation" making Chad's response "non-operative"]

he was put in the lions' den

Brian
    $300 14
[Chad mashes his button audibly, but apparently continually locks himself out as he does not succeed in signaling in. Offstage voices can be heard giving commands. Joanne begins responding without being recognized but Alex interrupts her as if somehow anticipating her response.]
(Joanne: What is Marvin--)
(Alex: Nope, hold it, sorry, Brian is first.)

Marvin Gardens

Brian
    $300 20
Cecil

Joanne
    $300 25
(Joanne: What are positrons?)

protons

BrianJoanne
    $300 8
The Three Faces of Eve

Joanne
    $300 28
Begin

Joanne
    $400 4
Isaac

Chad
    $400 15
Brooklyn

Triple Stumper
    $400 21
the hydra

Brian
    $400 26
a cloud chamber

Brian
    $400 9
Eve Arden

Brian
    $400 29
Nin

Brian
    $500 5
(Brian: Who's Isaiah?)

Samuel

Brian
Triple Stumper
    $500 16
sculptures

Triple Stumper
    $500 22
Kaa

Joanne
    $2,500 27
uranium

Brian
    $500 10
"Eve Of Destruction"

Brian
    $500 30
gin

Brian

Scores at the first commercial break (after clue 15):

Brian Chad Joanne
$1,100 $400 $1,000

Scores at the end of the Jeopardy! Round:

Brian Chad Joanne
$5,900 $800 $1,900

Double Jeopardy! Round responses

RICHARD NIXON
THE OLYMPICS
MODERN HISTORY
ART
NATIONAL SONGS & ANTHEMS
TRAGIC LOVE
    $200 1
the F.B.I.

Brian
    $200 22
Berlin

Brian
    $200 6
the Hindenburg

Brian
    $200 11
Greece

Brian
    $200 16
Laos

Joanne
    $200 21
Maria

Chad
    $400 2
Pat Nixon

Joanne
    $400 28
[The end-of-round signal sounds.]

the ski jump

Brian
    $400 7
Lloyd Bentsen

Brian
    $400 12
Rembrandt

Joanne
    $400 17
English

Brian
    $400 23
Narcissus

Joanne
    $600 3
Earl Warren

Brian
    $600 8
Anchorage

Brian
    $600 13
(Joanne: What is Florence?)

Venice

Joanne
Triple Stumper
    $600 18
(Chad: What is "O Canada"?)

"God Save The Queen"

ChadJoanne
    $600 24
(Brian: Who's Eleanor?)

Lenore

BrianJoanne
    $800 4
the HUAC (House Un-American Activities Committee)

Brian
    $800 27
Sugar Ray Leonard

Brian
    $800 9
Carnarvon

Joanne
    $800 14
(Gilbert) Stuart

Joanne
    $800 19
Ireland

Joanne
    $800 25
(Alex: Less than a minute to go.)

Thisbe

Joanne
    $1000 5
(Alex: We thought we might catch you on this one.)

William Rogers

Triple Stumper
    $1,600 10
(Joanne: Who is Landon?)

Wendell Willkie

Joanne
    $1000 15
Hieronymus Bosch

Brian
    $1000 20
(Brian: What are the Bahamas?)

the Netherlands

Brian
Triple Stumper
    $1000 26
Hero

Triple Stumper

Scores at the end of the Double Jeopardy! Round:

Brian Chad Joanne
$10,100 $400 $5,500

[wagering suggestions for these scores]

Final Jeopardy! Round responses

ACTORS
(Alex: [To Joanne] "What's it all about, Alfie?"--yes, the movie that projected him to great stardom.)
...
(Alex: Brian, enjoy the weekend. You'll come back on Monday to see if you can become our first 5-time champion of this season.)
ChadWho is Jack Lemmon?
$200
JoanneWho is Michael Caine
$5,500
BrianWho is Michael Caine?
$1,000
Michael Caine

Final scores:

Brian Chad Joanne
$11,100 $200 $11,000
4-day champion: $49,402 3rd place: his & her Greif Studio tailored clothing + Wheel of Fortune & Jeopardy! for the 16-bit Super Nintendo Entertainment System & the Sega Genesis System 2nd place: Broyhill Fontana bedroom set + Kingsdown Ultimate Sleep Set mattress

Game dynamics:

Coryat scores:

Brian Chad Joanne
$8,100 $400 $7,100
25 R
(including 1 DD),
3 W
5 R,
2 W
19 R,
3 W
(including 1 DD)

Combined Coryat: $15,600

[game clues] [game scores] [suggest correction]

Game tape date: 1993-07-19
The J! Archive is created by fans, for fans. Scraping, republication, monetization, and malicious use prohibited; this site may use cookies and collect identifying information. See terms. The Jeopardy! game show and all elements thereof, including but not limited to copyright and trademark thereto, are the property of Jeopardy Productions, Inc. and are protected under law. This website is not affiliated with, sponsored by, or operated by Jeopardy Productions, Inc. Join the discussion at JBoard.tv.